000 00714nam a2200229Ia 4500
003 GCL
008 140319s9999 xx 000 0 ara d
040 _aGCL /
_cGCL
082 0 4 _a810.9
_bع د
100 1 _aشوقى ضيف
245 1 0 _aالدرر فى اختصار المغازى والسير /
_cشوقى ضيف
700 1 _aابن عبدالبر، الحافظ يوسف
260 _a[S.N] :
_bدار المعارف ،
_c1991
300 _a351 ص
490 _aبطولات اسلامية
_v0
650 0 4 _aالاسلام
650 0 4 _aالسيرة النبوية
650 0 4 _aغزوات النبى
650 0 4 _aالتاريخ الاسلامى
650 0 4 _aالديانات
942 _2ddc
_cBK
999 _c58609
_d58609